Mössbauer effect methodology : Vol.8 /

Saved in:
Bibliographic Details
Other Authors: Gruverman, Irwin J. (Editor)
Format: Book
Language:English
Published: New York : Plenum Press, 1973
Subjects:
Tags: Add Tag
No Tags, Be the first to tag this record!

MARC

LEADER 00000nam a22000003a 4500
001 stu220380
005 20150617230119.4
008 110124s1999----xxu-----------------eng-d
040 |a STU  |b slo 
041 0 |a eng 
044 |a xxu 
080 |a 539.1 
080 |a 061.3  |7 stu_us_auth*stu8260 
100 1 |a Gruverman, Irwin J.  |4 edt 
245 1 |a Mössbauer effect methodology :  |b Vol.8 /  |c Ed. Gruverman, I. J. 
260 |a New York :  |b Plenum Press,  |c 1973 
300 |a 12, 281 s 
650 7 |a Mössbauerova spektroskopia  |2 stusub 
650 7 |a atómová energetika  |2 stusub 
650 7 |a atómová fyzika  |2 stusub 
650 7 |a jadrová fyzika  |2 stusub 
996 |b E39602  |c E*39602  |l EE10  |s P  |a 0  |w stu220380_0001